LDR 00637naa#a2200169#i#450# 001 EN\INFRA-M\bibl\122727 005 20260514181221.4 011 ## _a2587-9103 100 ## _a20260430b2026####ek#y0engy0150####ca 102 ## _aRU 200 1# _aThe Emotionogenic Potential of Film Language Elements in Audiovisual Communication Products: An Experimental Study _eJournal article 210 1# _aMoscow _cINFRA-M Academic Publishing LLC. _d2026 215 ## _a6 с. 608 ## _aJournal article _2local 675 ## _aРеклама. Система информации. Связь с общественностью. 659 _z 700 #1 _aLin'kov _gS. V. 856 4# _anaukaru.ru _u